000
00283nam a2200109Ia 4500
008
190912s9999||||xx |||||||||||||| ||und||
100
_a
Waqar Ahmed Qadri
245
0
_a
ICAP Step By Step English Composition
260
_a
Karachi
_b
Petiwala Book
_c
2003
300
_a
2004
942
_c
BK
999
_c
7277
_d
7277